Maša

Podrobná bibliografia
Hlavný autor: Amelina, Viktorija Jurijivna, 1986-2023 (Autor)
Médium: Článok
Jazyk:ukrajinčina
ISSN:0419-8131
Predmet:

MARC

LEADER 00000nab a2200000 4500
001 vtls012239566
003 SK-MaSNL
005 20260303190126.0
008 230918c2023 xo br|p || ||00 c0ukr
015 |a SNBRB2023/09 
038 |a SVKPOCL 
040 |a SVKPOCL  |b slo  |c SVKPOCL  |e rda 
041 0 |a ukr 
044 |a xo  |c SK 
072 7 |a 821.161  |x Východoslovanské literatúry  |2 konspekt 
080 |a 821.161.2-31  |2 2011 
080 |a (477)  |2 2011 
080 |a 821.161.2-3  |2 2011 
100 1 |a Amelina, Viktorija Jurijivna,  |d 1986-2023  |4 aut  |9 1218109 
245 1 0 |a Maša  |c Viktorija Amelina 
336 |a text  |b txt  |2 rdacontent 
337 |a bez média  |b n  |2 rdamedia 
338 |a zväzok  |b nc  |2 rdacarrier 
500 |a V rubrike Proza 
500 |a Šalamaj, Viktorija Jurijivna pozri aj Amelina, Viktorija Jurijivna 
650 0 7 |a ukrajinská literatúra  |2 SNKPH  |9 1218 
650 0 7 |a ukrajinské romány  |2 SNKPH  |9 97608 
650 0 7 |a ukrajinská próza  |2 SNKPH  |9 82745 
773 0 |t Duklja  |g Rik vydannja 71, № 4 (2023), s. 27, 28  |x 0419-8131 
852 |a SVKPO  |b KIS3GCP 
958 |a SS 
958 |a UA 
958 |a LX 
958 |a NM 
999 |c 2134652  |d 2136582